|
|
|
|
| LEADER |
00000nam0a2200000 4500 |
| 001 |
350927 |
| 005 |
20231102010343.0 |
| 035 |
|
|
|a (RuTPU)RU\TPU\retro\5307
|
| 090 |
|
|
|a 350927
|
| 100 |
|
|
|a 20190314d1977 k y0rusy50 ca
|
| 101 |
0 |
|
|a rus
|
| 102 |
|
|
|a LV
|
| 105 |
|
|
|a a z 001zy
|
| 200 |
1 |
|
|a Физика и химия стеклообразующих систем
|h Вып. 5
|e республиканский межвузовский сборник научных трудов
|f Латвийский государственный университет им. Петра Стучки
|
| 210 |
|
|
|a Рига
|c Изд-во Латвийского гос. ун-та
|d 1977
|
| 215 |
|
|
|a 147 с.
|c ил.
|
| 317 |
|
|
|5 63413507: КР-6408
|a Поступила в НТБ в 1987 г. в дар от вдовы ученого Е. К. Завадовской
|
| 320 |
|
|
|a Библиогр. в конце статей
|
| 606 |
1 |
|
|a Стеклообразное состояние
|x Физика
|2 stltpush
|3 (RuTPU)RU\TPU\subj\55964
|9 73915
|
| 610 |
1 |
|
|a меднофосфатные стекла
|
| 610 |
1 |
|
|a строение
|
| 610 |
1 |
|
|a кристаллизационная способность
|
| 610 |
1 |
|
|a снижение
|
| 610 |
1 |
|
|a стекловидный метафосфат бария
|
| 610 |
1 |
|
|a кристаллизация
|
| 610 |
1 |
|
|a кремнеземы
|
| 610 |
1 |
|
|a вольфрамо-фосфатные стекла
|
| 610 |
1 |
|
|a ионизирующие излучения
|
| 610 |
1 |
|
|a воздействие
|
| 610 |
1 |
|
|a трехокись вольфрама
|
| 610 |
1 |
|
|a монокристаллы
|
| 610 |
1 |
|
|a выращивание
|
| 610 |
1 |
|
|a двуокись кремния
|
| 610 |
1 |
|
|a позитроны
|
| 610 |
1 |
|
|a аннигиляция
|
| 610 |
1 |
|
|a библиотека А. А. Воробьева
|
| 610 |
1 |
|
|a дары библиотеке
|
| 675 |
|
|
|a 539.213
|v 4
|
| 712 |
0 |
2 |
|a Латвийский государственный университет им. Петра Стучки
|2 stltpush
|3 (RuTPU)RU\TPU\col\7102
|9 24292
|
| 801 |
|
1 |
|a RU
|b 63413507
|c 20091012
|
| 801 |
|
2 |
|a RU
|b 63413507
|c 20190604
|g RCR
|
| 942 |
|
|
|c BK
|